000 00593nam a2200217Ia 4500
005 20250923145445.0
008 008 250917s9999 xx 000 0 eng d
037 _aTextual
040 _aDSWL
_beng
_cDSWL
041 _aeng
_2eng
084 _aY:1.791, N72
_qDSWL
100 _aWolf, E.R.
_9835524
245 0 _aHuman Condition in Latin America
_c by E.R. Wolf
260 _aLondon
_bOxford
_c1972
300 _ax,369 p.
365 _aGBP
_b1.9
700 _a E.C. Hansen
_9835525
925 _g1.9
942 _cTEXL
_hY:1.791, N72
999 _c1451581
_d1451581